Responses for Show #8860 - Friday, April 28, 2023

Kevin Belle game 1.

Contestants

[<< previous game]

Kevin Belle, a trail planner from Silver Spring, Maryland

Katherine Cohen, a grad student and museum worker from New York, New York

Eric Anderson, an operations director from Brooklyn, New York (whose 1-day cash winnings total $7,600)

[next game >>]

Jeopardy! Round responses

INSIDE JOB
IT'S A COOKBOOK!
SPORTS GOATs
WE DISCONTINUED THE CAR
"HOLD" UP
KUWAIT FOR ME!
    $200 25
loins

Katherine
    $200 8
Julia Child

Kevin
    $200 5
Babe Ruth

Triple Stumper
    $200 15
Ford

Kevin
    $200 6
cup holders

Kevin
    $200 12
the Persian Gulf

Eric
    $400 26
the donkey (ass)

Kevin
    $400 20
(Ken: When you don't eat meat, I guess you don't use [*] so much.)

Knives

Triple Stumper
    $400 4
John Madden

Eric
    $400 16
BMW

Kevin
    $400 7
a foothold

Katherine
    $400 13
a falcon

Katherine
    $600 27
boils

Katherine
    $600 21
Snoop Dogg

Kevin
    $1,000 3
Secretariat

Eric
    $600 17
Volkswagen

Kevin
    $600 9
William Holden

Triple Stumper
    $600 14
pearls

Kevin
    $800 28
(Ken: Fiddler on the Roof was based on his stories--[*], [*] the Milkman.)

Tevye

Triple Stumper
    $800 22
Four & Twenty Blackbirds

Katherine
    $800 2
(Eric: Who is Joe Louis?)
...
(Ken: Katherine or Kevin?--are aggressively shaking their heads.)

Sugar Ray Robinson

Eric
Triple Stumper
    $800 18
Chevy

Kevin
    $800 10
withholding

Kevin
    $800 24
the martyrs

Triple Stumper
    $1000 29
the behemoth

Triple Stumper
    $1000 23
Salt

Kevin
    $1000 1
(Ken: At the Stockholm Olympics, this is the king of [*].)

Sweden

Triple Stumper
    $1000 19
(Ken: Good category for you, got 'em all.)
[No applause]

Honda

Kevin
    $1000 11
The Eye of the Beholder

Eric
    $1000 30
emir

Eric

Scores at the first commercial break (after clue 15):

Eric Katherine Kevin
$1,800 $800 $2,000

Scores at the end of the Jeopardy! Round:

Eric Katherine Kevin
$2,800 $2,400 $6,800

Double Jeopardy! Round responses

THE 3-DIGIT YEARS
ANIMATED ENTERTAINMENT
A REAL BODY BUSY
LITERARY LIONS
"G" AS IN GLOBAL
IT'S GERMAN FOR...
    $400 19
Mohammed

Katherine
    $400 17
Madagascar

Katherine
    $400 25
the liver

Katherine
    $400 11
Aslan

Kevin
    $400 10
(Ken: Yes, that is [*].)

Grimm

Katherine
    $400 6
Tannenbaum

Eric
    $800 20
Cyrillic

Katherine
    $800 14
Archer

Kevin
    $800 26
bone marrow

Katherine
    $1,000 12
(Kevin: I don't know, sorry.)
...
(Ken: The book's The Wizard of Oz, this is [*].)

the Cowardly Lion

Kevin
    $800 9
a goiter

Katherine
    $800 4
(Katherine: What is boot?)
(Ken: No, I'm sorry.)
(Katherine: What is [*]?)
(Ken: Sorry, I ruled against you.)

B-O-O-T

KatherineKevin
    $1200 21
the Yucatan

Triple Stumper
    $1200 13
a (red) panda

Kevin
    $4,000 27
the small intestine

Katherine
    $1200 18
Out of Africa

Triple Stumper
    $1200 5
Governor General

Katherine
    $1200 3
(Katherine: What is [*] mein Herr?)

jawohl

Katherine
    $1600 22
Cairo

Triple Stumper
    $1600 15
Bluey

Kevin
    $1600 28
(Katherine: What is the hypothalamus?)

the pituitary

Katherine
Triple Stumper
    $1600 24
(Katherine: Who is Daniel?)
...
(Ken: It's [*] pulling the thorn out of the lion's paw.)

Androcles

Katherine
Triple Stumper
    $1600 7
Glasgow

Kevin
    $1600 2
Übermensch

Katherine
    $2000 23
(Katherine: Um, who are the Visigoths?)
(Eric: Who are the Ostgoths?)

the Ostrogoths

EricKatherine
Triple Stumper
    $2000 16
The Loud House

Triple Stumper
    $2000 29
spleen

Triple Stumper
    $2000 30
(Katherine: What is a rough beast? Oh, what--who is Joan Didion?)
(Ken: No, I'm sorry.)
(Katherine: There we go.)
...
(Ken: It's actually [*] who wrote "The Second Coming", later quoted by Didion, I believe.)

Yeats

Katherine
Triple Stumper
    $2000 8
Gabon

Kevin
    $2000 1
Sontag

Katherine

Scores at the end of the Double Jeopardy! Round:

Eric Katherine Kevin
$1,200 $8,400 $14,200

[wagering suggestions for these scores]

Final Jeopardy! Round responses

U.S. LANDMARKS
(Ken: President Ford went to Boston and lit a third lantern in [*], where the two lanterns of the "One if by land, two if by sea" signal had been hung in the Paul Revere story.)
EricWhat is Washington Mon
$1,199
KatherineWhat is Independence Hall?
$6,000
KevinWhat is Plymouth Rock?
$2,601
the Old North Church

Final scores:

Eric Katherine Kevin
$1 $2,400 $11,599
3rd place: $1,000 2nd place: $2,000 New champion: $11,599

Game dynamics:

Coryat scores:

Eric Katherine Kevin
$800 $5,600 $15,200
6 R
(including 1 DD),
2 W
17 R
(including 1 DD),
5 W
19 R,
1 W
(including 1 DD)

Combined Coryat: $21,600

[game clues] [game scores] [suggest correction]

Game tape date: 2023-02-08
The J! Archive is created by fans, for fans. Scraping, republication, monetization, and malicious use prohibited; this site may use cookies and collect identifying information. See terms. The Jeopardy! game show and all elements thereof, including but not limited to copyright and trademark thereto, are the property of Jeopardy Productions, Inc. and are protected under law. This website is not affiliated with, sponsored by, or operated by Jeopardy Productions, Inc. Join the discussion at JBoard.tv.